| 000 | 00502nam a2200157 i 4500 | ||
|---|---|---|---|
| 001 | 96970 | ||
| 003 | ES-MaACL | ||
| 005 | 20230906182019.0 | ||
| 007 | t| | ||
| 008 | 050705s1947 sp ||||1| spa d | ||
| 245 | 0 | 0 |
_aManual práctico de la familia numerosa _b: ley reglamento / _cordenado y recopilado por Máximo Gómez Villalba. |
| 260 |
_aMadrid : _bS.A.E. Graf Espejo, _c1947. |
||
| 300 |
_a100 p. ; _c17 cm. |
||
| 700 | 1 |
_aGómez Villalba, Máximo. _958189 |
|
| 852 |
_aES-MaACL _jC-4920 _bR.25018 |
||
| 999 |
_c96970 _d96970 |
||